| 000 | 00432nam a2200157 i 4500 | ||
|---|---|---|---|
| 001 | 146157 | ||
| 003 | ES-MaACL | ||
| 007 | t| | ||
| 008 | 070904s1975 xxu ||||1| fre d | ||
| 080 | _a656(1-201).072 | ||
| 245 | 0 | 0 |
_aTransports urbains _b: politique sectorielle. |
| 260 |
_a[Washington] : _bBanque Mondiale, _c1975. |
||
| 300 |
_a118 p. ; _c22 cm. |
||
| 710 | 2 |
_aBanque Mondiale. _92141 |
|
| 852 |
_aES-MaACL _jE-9948 _bR.93878 |
||
| 999 |
_c146157 _d146157 |
||